<?xml version="1.0" encoding="UTF-8"?>
<marc:record xmlns:marc="http://www.loc.gov/MARC21/slim">
   <marc:leader>00000nam a2200000 a 4500</marc:leader>
   <marc:datafield ind1="1" ind2=" " tag="100">
      <marc:subfield code="a">Fesler, Mario</marc:subfield>
      <marc:subfield code="4">aut</marc:subfield>
      <marc:subfield code="e">Verfasser/-in</marc:subfield>
   </marc:datafield>
   <marc:datafield ind1="0" ind2="0" tag="245">
      <marc:subfield code="a">Lizzy Carbon und die Wunder der Liebe</marc:subfield>
   </marc:datafield>
   <marc:datafield ind1="0" ind2="0" tag="245">
      <marc:subfield code="c">Mario Fesler</marc:subfield>
   </marc:datafield>
   <marc:datafield ind1=" " ind2="1" tag="264">
      <marc:subfield code="a">Bamberg</marc:subfield>
      <marc:subfield code="b">Magellan</marc:subfield>
      <marc:subfield code="c">2020</marc:subfield>
   </marc:datafield>
   <marc:datafield ind1="1" ind2=" " tag="490">
      <marc:subfield code="a">Lizzy Carbon</marc:subfield>
   </marc:datafield>
   <marc:datafield ind1=" " ind2=" " tag="250">
      <marc:subfield code="a">1. Auflage</marc:subfield>
   </marc:datafield>
   <marc:datafield ind1="1" ind2=" " tag="520">
      <marc:subfield code="a">Dass ihre Eltern sie nicht verstehen, ist Lizzy ja gewohnt (liegt vermutlich an der Spezies). Dass die beiden plötzlich auch kein Verständnis mehr füreinander haben, jedoch weniger. Als wäre die Ehekrise im Hause Carbon nicht schon genug, zeigt Lizzys beste Freundin Kristine ein verhängnisvolles Talent zu Missgriffen bei der Partnerwahl. Dann taucht auch noch der neue Mitschüler Dominik auf und stürzt Lizzy selbst in Liebeswirren. Da hat sie wirklich Glück mit ihrem Nachbarn Nils, einem Künstler, der vor Kurzem in ihr beschauliches Städtchen gezogen ist und sich bald zum Ratgeber in allen Lebens- und Liebeslagen für Lizzy mausert. Als Nils jedoch plötzlich nicht mehr erreichbar ist und Horrorbruder Max sich auch noch komischer als sonst verhält, muss Lizzy feststellen, dass die Wunder der Liebe ganz schön anstrengend sind.</marc:subfield>
   </marc:datafield>
   <marc:datafield ind1=" " ind2=" " tag="020">
      <marc:subfield code="a">9783734854088</marc:subfield>
      <marc:subfield code="9">9783734854088</marc:subfield>
   </marc:datafield>
   <marc:datafield ind1=" " ind2=" " tag="020">
      <marc:subfield code="a">3734854083</marc:subfield>
      <marc:subfield code="9">3734854083</marc:subfield>
   </marc:datafield>
   <marc:datafield ind1=" " ind2=" " tag="041">
      <marc:subfield code="a">ger</marc:subfield>
   </marc:datafield>
   <marc:datafield ind1=" " ind2=" " tag="300">
      <marc:subfield code="a">253 Seiten</marc:subfield>
   </marc:datafield>
</marc:record>
